|
|
|
|
| LEADER |
00000cas a2200000 a 4500 |
| 001 |
vtls011698425 |
| 003 |
SK-MaSNL |
| 005 |
20260228164523.0 |
| 008 |
170621c20179999xo fr p 001 b0slo |
| 022 |
|
|
|a 2585-7274
|
| 040 |
|
|
|a SVKPO
|b slo
|c SVKPO
|d SNK
|e AACR2
|
| 041 |
0 |
|
|a slo
|
| 044 |
|
|
|a xo
|c SK
|
| 072 |
|
7 |
|a 796
|x Šport. Hry. Telesné cvičenia
|2 konspekt
|
| 080 |
|
|
|a 796.032.2
|2 2011
|
| 080 |
|
|
|a 796.071.2
|2 2011
|
| 080 |
|
|
|a 796/799(051)
|2 2011
|
| 080 |
|
|
|a 050
|2 2011
|
| 210 |
0 |
|
|a Olympic.sk
|
| 222 |
|
0 |
|a Olympic.sk
|
| 245 |
0 |
0 |
|a Olympic.sk
|b slovenská olympijská revue
|
| 260 |
|
|
|a Žilina
|b PUBLISHING HOUSE
|c 2017-
|
| 300 |
|
|
|a zv.
|c 27 cm
|
| 310 |
|
|
|a 2x ročne
|
| 362 |
0 |
|
|a Roč. 1, č. 1 (jar/leto 2017)-
|
| 500 |
|
|
|a Zostavovateľ: (2017-2020), Boris Vanya; (2021-), Peter Pašuth
|
| 515 |
|
|
|a Vychádza 2x ročne č. jar-leto a č. jeseň-zima
|
| 550 |
|
|
|a Pre Slovenský olympijský výbor a Slovenskú olympijskú marketingovú a.s. vydáva Publishing House, a.s.
|
| 650 |
0 |
7 |
|a olympijské hry
|2 SNKPH
|9 3300
|
| 650 |
0 |
7 |
|a športovci
|2 SNKPH
|9 1043
|
| 655 |
|
7 |
|a športové časopisy
|2 SNKPH
|9 145628
|
| 700 |
1 |
|
|a Vanya, Boris
|4 com
|9 274871
|
| 700 |
1 |
|
|a Pašuth, Peter
|4 com
|9 276101
|
| 710 |
2 |
|
|a Slovenský olympijský výbor
|4 pbl
|9 193778
|
| 856 |
4 |
1 |
|u www.olympic.sk
|
| 910 |
|
|
|a snk
|
| 910 |
|
|
|a svkpo
|
| 999 |
|
|
|c 13913
|d 15843
|
| 952 |
|
|
|0 0
|1 0
|4 0
|7 0
|8 0
|a SNK
|b SNK
|d 2022-12-15
|i snk2022/18992
|l 0
|o snkČSB 7239/3/2019 D1
|p 17A1465061
|r 2026-02-21 20:03:25
|t č. jar-zima
|w 2026-02-21
|y PREZ
|
| 952 |
|
|
|0 0
|1 0
|4 0
|7 0
|8 0
|a SNK
|b SNK
|d 2022-12-16
|i snk2022/19045
|l 0
|o snkČSB 7239/4/2020
|p 17A1465172
|r 2026-02-21 20:04:01
|t č. jar-zima
|w 2026-02-21
|y PREZ
|
| 952 |
|
|
|0 0
|1 0
|4 0
|7 0
|8 0
|a SNK
|b SNK
|d 2022-12-16
|i snk2022/19048
|l 0
|o snkČSB 7239/5/2021
|p 17A1465173
|r 2026-02-21 20:04:01
|t č. jar-zima
|w 2026-02-21
|y PREZ
|
| 952 |
|
|
|0 0
|1 0
|4 0
|7 0
|8 0
|a SNK
|b SNK
|d 2020-11-10
|i snk2020/20458
|l 0
|o snkČSB 7239/3/2019
|p 17A1432747
|r 2026-02-21 22:23:35
|t č. jar-zima
|w 2026-02-21
|y PREZ
|
| 952 |
|
|
|0 0
|1 0
|4 0
|7 0
|8 0
|a SNK
|b SNK
|d 2019-08-21
|i snk2019/21230
|l 0
|o snkČSB 7239/1/2017
|p 17A1370394
|r 2026-02-21 22:29:00
|t č. jar-zima
|w 2026-02-21
|y PREZ
|
| 952 |
|
|
|0 0
|1 0
|4 0
|7 0
|8 0
|a SNK
|b SNK
|d 2019-08-21
|i snk2019/21231
|l 0
|o snkČSB 7239/2/2018
|p 17A1370393
|r 2026-02-21 22:29:02
|t č. jar-zima
|w 2026-02-21
|y PREZ
|
| 952 |
|
|
|0 0
|1 0
|4 0
|7 0
|8 0
|a SNK
|b SNK
|d 2019-08-21
|i snk2019/21232
|l 0
|o snkČSB 7239/1/2017 D1
|p 17A1370392
|r 2026-02-21 22:29:02
|t č. jar-zima
|w 2026-02-21
|y PREZ
|
| 952 |
|
|
|0 0
|1 0
|4 0
|7 0
|8 0
|a SNK
|b SNK
|d 2019-08-21
|i snk2019/21233
|l 0
|o snkČSB 7239/2/2018 D1
|p 17A1370391
|r 2026-02-21 22:29:02
|t č. jar-zima
|w 2026-02-21
|y PREZ
|